000 01216nam a22003737a 4500
001 299
003 FISKH
005 20230320092151.0
008 230317b cb ||||| |||| 00| 0 eng d
020 _a0679805273
020 _a9780679805274
020 _a9780553520583
020 _a055352058X
035 _a(OCoLC)ocn521210568
040 _aZGH
_beng
_cZGH
_dO8F
_dOCLCF
_dCDS
_dHPLAL
_dDLC
_dFISKH
050 0 0 _aPZ8.G276
082 _a813.54
100 1 _aGeisel, Theodor
_cDr.
_qTheodor Seuss Geisel
245 1 0 _aOh, the places you'll go!
246 3 _aOh, the places I will go!
264 1 _aNew York
_bRandom House
_c2010
264 4 _c1990
300 _a26 leaves of plates
_bcolor illustrations ;
_c30 cm.
336 _atext
_btxt
_2rdacontent
336 _astill image
_bsti
_2rdacontent
337 _aunmediated
_bn
_2rdamedia
338 _avolume
_bnc
_2rdacarrier
520 _aAdvice in rhyme for proceeding in life; weathering fear, loneliness, and confusion; and being in charge of your actions.
521 8 _a600
_bLexile AD
521 8 _aO
_bRaz-Plus
700 1 _aSeuss,
_cDr.
_tOh, the places you'll go!
906 _a7
_bcbc
_ccopycat
_d4
_encip
_f20
_gy-gencatlg
942 _2ddc
_cBK
_n0
999 _c299
_d299